Demobilization in sub-saharan Africa : (Record no. 442)

MARC details
000 -LEADER
fixed length control field 00612nam a2200205 4500
003 - CONTROL NUMBER IDENTIFIER
control field OSt
005 - DATE AND TIME OF LATEST TRANSACTION
control field 20140917190658.0
008 - FIXED-LENGTH DATA ELEMENTS--GENERAL INFORMATION
fixed length control field 140917b xxu||||| |||| 00| 0 eng d
020 ## - INTERNATIONAL STANDARD BOOK NUMBER
International Standard Book Number 0333789865
040 ## - CATALOGING SOURCE
Transcribing agency 040a
082 ## - DEWEY DECIMAL CLASSIFICATION NUMBER
Edition number 20
Classification number 320
Item number K583d 2000
245 ## - TITLE STATEMENT
Title Demobilization in sub-saharan Africa :
Remainder of title the development and security impacts /
Statement of responsibility, etc. Kees Kingma
260 ## - PUBLICATION, DISTRIBUTION, ETC. (IMPRINT)
Place of publication, distribution, etc. London
Name of publisher, distributor, etc. Macmillan press
Date of publication, distribution, etc. 2000
300 ## - PHYSICAL DESCRIPTION
Extent xvii,268 p;
Other physical details ill :
Dimensions 8 cm.
440 ## - SERIES STATEMENT/ADDED ENTRY--TITLE
Title International political economy series
9 (RLIN) 970
504 ## - BIBLIOGRAPHY, ETC. NOTE
Bibliography, etc includes index
650 ## - SUBJECT ADDED ENTRY--TOPICAL TERM
Topical term or geographic name as entry element Africa
9 (RLIN) 1168
700 ## - ADDED ENTRY--PERSONAL NAME
Personal name Kingma, Kees
9 (RLIN) 1169
942 ## - ADDED ENTRY ELEMENTS (KOHA)
Source of classification or shelving scheme Dewey Decimal Classification
Koha item type Short Loan
Holdings
Withdrawn status Lost status Source of classification or shelving scheme Damaged status Not for loan Home library Current library Date acquired Inventory number Total Checkouts Full call number Barcode Date last seen Price effective from Koha item type
    Dewey Decimal Classification     MUST Main Library MUST Main Library 17/09/2014 2002/16726   320 K583d 2000 2014-2808 17/09/2014 17/09/2014 Short Loan
    Dewey Decimal Classification     MUST Main Library MUST Main Library 18/09/2014 2003/19004   320 K583d 2000 2014-2838 18/09/2014 18/09/2014 Short Loan
    Dewey Decimal Classification     MUST Main Library MUST Main Library 18/09/2014 2003/19005   320 K583d 2000 2014-2839 18/09/2014 18/09/2014 Short Loan